| 000 | 00538cam a22002171 4500 | ||
|---|---|---|---|
| 001 | ne 67000461 | ||
| 003 | DLC | ||
| 005 | 20260227111830.0 | ||
| 008 | 890514s1965 xx 000 0 ara | ||
| 010 | _ane 67000461 | ||
| 035 | _a(OCoLC)23501255 | ||
| 040 |
_aDLC _cMiU _dDLC |
||
| 050 | 0 | 0 |
_aBP88.H33 _bR8 |
| 100 | 1 | _aḤāmid, Muḥammad. | |
| 245 | 1 | 0 | _aRudūd ʻalā abāṭīl. |
| 260 | _c[1965] | ||
| 300 |
_a392 p. _c24 cm. |
||
| 500 | _aRomanized. | ||
| 650 | 0 |
_aIslam _xDoctrines |
|
| 650 | 0 |
_aIslam _xCustoms and practices. |
|
| 999 |
_c49445 _d49445 |
||